00456cam a2200145 a 4500020001500000020002200015040000800037082002600045100002400071245009400095260005200189300003200241500002200273650001500295 a0931816750 a0931816424 (pbk.) cDLC00a658 KUM 1989 A105 Co.1 aKiggundu, Moses N.,10aManaging organizations in developing countries :ban operational and strategic approach / aWest Hartford, Conn. :bKumarian Press,cc1989. axx, 328 p. :bill ;c24 cm. aIncludes indexes. 0aManagement